000 00870nam a2200265Ia 4500
003 OSt
005 20220918165823.0
006 a|||||r|||| 00| 0
007 ta
008 220917b |||||||| |||| 00| 0 eng d
020 _a8173047561 (hbk)
_c695
024 _a238,822
037 _b423, 17/12/2008, Icon Publications Pvt.Ltd.
_cTextual
040 _aARTS
_cARTS
_beng
041 _2eng
_aeng
082 _aQ84471, P8
100 _aBanerjee-Dube Ishita Ed.
_925615
245 0 _aPopular religion and Ascetic practices
_b new tudies on Mahima Dharma
260 _aNew Delhi
_bManohar India
_c2008
300 _a253p.
_ccm.
650 _aRELIGION
700 _a Beltz Johannes Ed.
_925616
942 _hQ84471, P8
_cTEXL
_2CC
999 _c131199
_d131199